|
|
|
|
| LEADER |
00671cam a2200229 7i4500 |
| 001 |
0000036792 |
| 005 |
20220413090000.0 |
| 007 |
ta |
| 008 |
220303t2000 eng |
| 020 |
|
|
|a 9781447280637
|
| 040 |
|
|
|a MATR
|
| 090 |
0 |
0 |
|a FI 813
|b CAB
|
| 100 |
1 |
|
|e Cabot, Meg
|e author
|
| 245 |
1 |
0 |
|a THE PRINCESS DIARIES :
|b A ROYAL DISASTER
|c Meg Caboy.
|
| 264 |
|
0 |
|a London:
|b Macmillan Children's Books,
|c 2015.
|
| 300 |
|
|
|a 266 pages;
|c cm.
|
| 336 |
|
|
|a text
|2 rdacontent
|
| 337 |
|
|
|a unmediated
|2 rdamedia
|
| 338 |
|
|
|a volume
|2 rdacarrier
|
| 500 |
|
|
|a Screen adaption
|
| 650 |
|
0 |
|a English fiction
|
| 999 |
|
|
|a B000041701
|b Book
|c Book
|e Business Information Centre
|